Interpreting the past radiocarbon dating / (Record no. 186958)

000 -LEADER
fixed length control field 00655 a2200169 4500
003 - CONTROL NUMBER IDENTIFIER
control field Nust
005 - DATE AND TIME OF LATEST TRANSACTION
control field 20230201135911.0
040 ## - CATALOGING SOURCE
Transcribing agency Nust
082 ## - DEWEY DECIMAL CLASSIFICATION NUMBER
Classification number 930.1,BOW
100 ## - MAIN ENTRY--PERSONAL NAME
Personal name Bowman,Sheridan
9 (RLIN) 547
245 ## - TITLE STATEMENT
Title Interpreting the past radiocarbon dating /
Statement of responsibility, etc. Sheridan Bowman
260 ## - PUBLICATION, DISTRIBUTION, ETC.
Place of publication, distribution, etc. Islamabad
Name of publisher, distributor, etc. Nellab Publishars
Date of publication, distribution, etc. 2007
300 ## - PHYSICAL DESCRIPTION
Extent 64
505 ## - FORMATTED CONTENTS NOTE
Formatted contents note Background And Basic Principles (Page-9), Radiocarbon Concentration (Page-16), Measurement Of Radio (Page-31), Calibration Of Radio (Page-43), Radio And Archaeology (Page-50), Further Reading (Page-63).
650 ## - SUBJECT ADDED ENTRY--TOPICAL TERM
Topical term or geographic name entry element Interpreting the past radiocarbon dating
9 (RLIN) 108414
942 ## - ADDED ENTRY ELEMENTS (KOHA)
Source of classification or shelving scheme
Koha item type Book
Call number prefix 930.1,BOW
Holdings
Withdrawn status Lost status Source of classification or shelving scheme Damaged status Not for loan Permanent Location Current Location Shelving location Date acquired Full call number Barcode Date last seen Price effective from Koha item type Public note
          Military College of Signals (MCS) Military College of Signals (MCS) General Stacks 12/12/2016 930.1,BOW MCS34448 12/08/2016 12/12/2016 Book Almirah No. 59, Shelf No.6
© 2023 Central Library, National University of Sciences and Technology. All Rights Reserved.